Быстрое вычитание - Statistics

General Stats
  • This quiz has been taken 4 684 times
  • The average score is 6 of 10
Answer Stats
Ответ % Correct
10-6 4
71%
10-8 2
70%
12-4 8
70%
10-5 5
68%
10-4 6
68%
12-3 9
68%
14-5 9
68%
10-9 1
67%
10-7 3
67%
10-3 7
67%
10-2 8
67%
15-6 9
66%
16-7 9
66%
18-9 9
66%
12-9 3
65%
12-8 4
65%
12-5 7
65%
14-6 8
65%
10-1 9
65%
11-9 2
64%
14-9 5
64%
11-5 6
64%
12-6 6
64%
14-8 6
64%
15-7 8
64%
16-8 8
64%
11-8 3
63%
11-7 4
63%
13-9 4
63%
11-6 5
63%
13-8 5
63%
13-7 6
63%
13-6 7
63%
14-7 7
63%
15-8 7
63%
17-9 8
63%
11-2 9
63%
12-7 5
62%
11-4 7
62%
11-3 8
62%
13-4 9
62%
17-8 9
62%
15-9 6
61%
16-9 7
60%
13-5 8
57%
No matching quizzes found
Score Distribution
Percent of People with Each Score
Percentile by Number Answered
Your Score History
You have not taken this quiz